Modelado de procesos de polimerización y procesos pos-reactor : aplicación de nuevas técnicas para la predicción de distribuciones de pesos moleculares con verificación experimental /
Guardado en:
| Otros Autores: | |
|---|---|
| Formato: | Manuscrito |
| Idioma: | Spanish |
| Publicado: |
2002.
|
| Materias: | |
| Etiquetas: |
Agregar Etiqueta
Sin Etiquetas, Sea el primero en etiquetar este registro!
|
| LEADER | 01071ntm a22002295a 4500 | ||
|---|---|---|---|
| 001 | EIQ.libpla002529 | ||
| 008 | 070627s2002####ag#a#####bm###000#0#spa#d | ||
| 005 | 20070703172206.0 | ||
| 245 | 1 | 0 | |a Modelado de procesos de polimerización y procesos pos-reactor : |b aplicación de nuevas técnicas para la predicción de distribuciones de pesos moleculares con verificación experimental / |c Mariano Asteasuain. |
| 260 | |c 2002. | ||
| 300 | |a 179 p. : |b il., tablas, figuras ; |c 21 cm. | ||
| 502 | |a Tesis (doctorado)--Universidad Nacional del Sur. Departamento de Ingeniería Química, 2002. | ||
| 500 | |a Director de tesis: Dra. Adriana Brandolin. | ||
| 504 | |a Incluye referencias bibliográficas. | ||
| 100 | 1 | |a Asteasuain, Mariano. |4 dis | |
| 710 | 2 | |a Universidad Nacional del Sur (UNS). |b Dto. de Ingeniería Química |4 dgg. | |
| 650 | 4 | |a Polímeros |x Tesis. | |
| 650 | 4 | |a Procesos de polimerización |x Modelado. | |
| 650 | 4 | |a Polymers |x Thesis. | |
| 650 | 4 | |a Polimerization processes |x Modeling. | |
| 040 | |a AR-BbSID |b spa |c AR-BbSID | ||
| 859 | |a AR-BbSID |b BIB. PLAPIQUI |h 668.92 |i As 82 |p 5557 | ||
